000 00473nam a22001697a 4500
005 20250308172419.0
008 250308b |||||||| |||| 00| 0 eng d
020 _a9780421522954
050 _aKD1554
100 _aUpex, Robert
245 _aDavies on Contract; Concise Course Texts / by Robert Upex
_cUpex, Robert
250 _a7th ed.
260 _aLondon ;
_bSweet and Maxwell,
_cc1995
300 _axxiii, 263 p. ;
500 _aIncludes index
942 _2lcc
_cBK
_n0
999 _c4607
_d4607